000 00894nam a2200265Ia 4500
003 OSt
005 20220918164341.0
006 a|||||r|||| 00| 0
007 ta
008 220917b |||||||| |||| 00| 0 eng d
020 _a0521626390 (pbk)
_c1673.53
024 _a238,931
037 _b27988, 13/07/2009, Segment Book Distributors
_cTextual
040 _aARTS
_cARTS
_beng
041 _2eng
_aeng
082 _aV3:(Q).N5, P0
100 _aCollini Stefan Ed.
_918495
245 0 _aHistory, religion, and culture
_b British intellectual history 1750-1950
260 _aCambridge
_bCambridge Univesity Press UK
_c2000
300 _aviii,289p.
_ccm.
650 _aHISTORY
700 _a Whatmore Richard Ed.
_918496
942 _hV3:(Q).N5, P0
_cTEXL
_2CC
999 _c124398
_d124398